Belgium A-Z - Statistics

General Stats
  • This quiz has been taken 49 times
  • The average score is 10 of 26
Answer Stats
Hint Answer % Correct
Venice of the North B Bruges
91%
Animal depicted in the coat of arms of eight out of ten provinces L Lion
82%
City known for it's altarpiece by Van Eyck and a peace treaty between the USA and the UK G Ghent
76%
Private domain owned by the second King C Congo Free State
71%
Belgian midfielder currently playing at Manchester City D Kevin De Bruyne
67%
Small bronze sculpture that serves as a symbol of Brussels M Manneken Pis
67%
Capital of the eponymous province N Namur
64%
Near this town a certain Mr. di Buonaparte was defeated by allied forces, mainly consisting of German troops W Waterloo
62%
Brass woodwind instrument invented by a Belgian named Adolphe S Saxophone
58%
Antwerpian baroque painter of "The Massacre of the Innocents" which was sold at auction for almost 50 million pounds R Peter Paul Rubens
49%
Home of Belgium's largest airport Z Zaventem
47%
In 2011 this Belgian music festival was hit by a severe thunderstorm P Pukkelpop
40%
Juniper flavoured liquor, popular in Belgium and the Netherlands J Jenever
33%
Largest brewing company in the world with headquarters in Leuven A AB Inbev
31%
Town in Antwerp after which a city in New Jersey was named H Hoboken
29%
Belgian Formula 1 driver, who won the 24 Hours of Le Mans six times I Jacky Ickx
27%
Smallest of the three main rivers, running through Belgium Y Yser
24%
Firearms manufacturer that owns Winchester and Browning and produces the P90 sub machine guns and the Five-seveN pistols F FN Herstal
20%
One-day road cycling race, held annually in late February O Omloop Het Nieuwsblad
20%
Music project that produced "Pump Up the Jam" which reached no. 2 on the Billboard Hot 100 and the UK Singles Chart T Technotronic
16%
The country from wich Belgium secceeded U United Kingdom of the Netherlands
16%
Official title of the Belgian head of state (if he is male) K King of the Belgians
13%
Brussels born anatomist known for his "De humani corporis fabrica" V Andreas Vesalius
11%
At the Eurovision Song Contest 2004 in Istanbul, this artist sang the song "1 Life" X Xandee
11%
"Impregnable" fort that was taken by the Germans in less than two days in 1940 E Eben-Emael
9%
Statistician who developed the Body Mass Index Q Adolphe Quetelet
4%
No matching quizzes found
Score Distribution
Percent of People with Each Score
Percentile by Number Answered
Your Score History
You have not taken this quiz